| 000 | 00532cam a22001931 04500 | ||
|---|---|---|---|
| 001 | 45754 | ||
| 090 | _a45754 | ||
| 100 | _a19930323d1975 m y0pory5003 ba | ||
| 101 | 1 | _apor | |
| 102 | _aPT | ||
| 200 | 1 |
_aVotem em mim! _fW. C. Fields _gtrad. Margarida Simöes |
|
| 210 | 9 |
_aLisboa _cIntervencão, _d[D.L. 1975] |
|
| 215 |
_a141, [1] p. _d21 cm |
||
| 304 | _aTit. orig.: Fields for president | ||
| 675 | _a821.111(73)-22 | ||
| 700 | 1 |
_aFields, _bW. C., _f1879-1946 |
|
| 702 | 1 |
_91 _aSimões, _bMargarida _4730 |
|
| 801 | 0 |
_aPT _bBN _gRPC |
|
| 990 | _cLIVROS | ||